[Event "TCh-CHN 2015"]
[Site "China CHN"]
[Date "2015.08.21"]
[Round "13.1"]
[White "Yuan, Ye"]
[Black "Zhai, Mo"]
[Result "0-1"]
[BlackTitle "WIM"]
[WhiteElo "2114"]
[BlackElo "2324"]
[WhiteTeam "Qingdao"]
[BlackTeam "Heibei"]
[WhiteFideId "8608415"]
[BlackFideId "8600201"]
[EventDate "2015.04.10"]

1. d4 Nf6 2. c4 e6 3. g3 Bb4+ 4. Bd2 a5 5. Bg2 d6 6. Nf3 Nbd7 7. O-O e5 8. Nc3
O-O 9. a3 Bxc3 10. Bxc3 Qe7 11. e3 c6 12. b4 Qe6 13. c5 e4 14. Ng5 Qf5 15. Nh3
Nd5 16. Bd2 N7f6 17. bxa5 dxc5 18. dxc5 Re8 19. Rc1 Nd7 20. f4 exf3 21. Rxf3 Qh5
22. Rf1 Qxd1 23. Rfxd1 N7f6 24. Nf2 Nxe3 25. Bxe3 Rxe3 26. Rd8+ Re8 27. Rcd1 Kf8
28. Rxe8+ Kxe8 29. Re1+ Kd8 30. Nd3 Be6 31. Nb4 Rxa5 32. Bxc6 Kc7 33. Bg2 Rxa3
34. c6 Rb3 35. Nc2 bxc6 36. Nd4 Rc3 37. Nxc6 Rxc6 38. Bxc6 Kxc6 39. Rc1+ Kd6 40.
Ra1 Ke5 41. Ra5+ Bd5 42. Ra4 h5 43. Kf2 Ng4+ 44. Kg1 g5 45. Rb4 f5 46. Rb8 f4
47. h3 Nf6 48. gxf4+ gxf4 49. Rf8 Be6 50. Kg2 Kf5 51. Rb8 Bd5+ 52. Kg1 Kg5 53.
Rd8 Be4 54. Rd6 Nd5 55. Re6 Kf5 56. Rh6 Nf6 57. Rh8 Kg5 58. Rf8 Nh7 59. Rg8+ Kh4
60. Kh2 f3 61. Re8 Ng5 62. Rf8 Ne6 63. Rf6 Kg5 64. Rf7 h4 65. Kg1 Bf5 66. Kf2
Kf4 67. Rf6 Ng5 0-1

[Event "TCh-CHN 2015"]
[Site "China CHN"]
[Date "2015.08.21"]
[Round "13.2"]
[White "Xiu, Deshun"]
[Black "Wang, Yue"]
[Result "1/2-1/2"]
[WhiteTitle "GM"]
[BlackTitle "GM"]
[WhiteElo "2557"]
[BlackElo "2726"]
[WhiteTeam "Beijing"]
[BlackTeam "Tianjing"]
[WhiteFideId "8603693"]
[BlackFideId "8601429"]
[EventDate "2015.04.10"]

1. d4 Nf6 2. c4 e6 3. Nf3 b6 4. Nc3 Bb4 5. e3 Bb7 6. Bd3 Bxc3+ 7. bxc3 d6 8. Qc2
Bxf3 9. gxf3 Nbd7 10. Rg1 g6 11. f4 Nh5 12. Be4 Rc8 13. Bb7 Rb8 14. Bc6 a5 15.
Qa4 f5 16. Ba3 Nf6 17. O-O-O O-O 18. f3 Rf7 19. e4 Nf8 20. exf5 Nh5 21. fxe6
Nxe6 22. f5 Rxf5 23. Qc2 Rf7 24. Rde1 Qf6 25. Kb1 Rbf8 26. Bc1 Nef4 27. Re4 Re7
28. Rge1 Rxe4 29. fxe4 Qh4 30. Rf1 Qh3 31. Rf2 Rf6 32. Qd2 Qe6 33. Bd5 Nxd5 34.
exd5 Qe4+ 35. Kb2 Rxf2 36. Qxf2 Kg7 37. Bg5 Qe8 38. Qd2 Nf6 39. Bh6+ Kf7 40. Qf2
Qe4 41. Bg5 Qf5 42. Qe3 Qd7 43. Qf4 Qf5 44. Qe3 Qd7 45. Qf4 Qf5 1/2-1/2

[Event "TCh-CHN 2015"]
[Site "China CHN"]
[Date "2015.08.21"]
[Round "13.3"]
[White "Bu, Xiangzhi"]
[Black "Xu, Xiangyu CHN"]
[Result "1/2-1/2"]
[WhiteTitle "GM"]
[WhiteElo "2681"]
[BlackElo "2243"]
[WhiteTeam "Chongqing"]
[BlackTeam "Chengdu"]
[WhiteFideId "8601445"]
[BlackFideId "8608288"]
[EventDate "2015.04.10"]

1. c4 g6 2. e4 c5 3. Nf3 Nc6 4. d4 cxd4 5. Nxd4 Bg7 6. Be3 Nf6 7. Nc3 Ng4 8.
Qxg4 Nxd4 9. Qd1 Ne6 10. Rc1 d6 11. Bd3 Qa5 12. Qd2 Bd7 13. b3 Nc5 14. Bb1 O-O
15. O-O Rfc8 16. Bh6 Be6 17. Bxg7 Kxg7 18. f4 f6 19. Kh1 a6 20. e5 dxe5 21. fxe5
Qc7 22. exf6+ exf6 23. Rce1 Rf8 24. b4 Bxc4 25. Qf4 Qxf4 26. Rxf4 Rae8 27. Rxe8
Rxe8 28. h4 Bd3 29. bxc5 Bxb1 30. Rb4 Bf5 31. Rxb7+ Kh6 32. Nd5 Re4 33. Rb4 Re5
34. Rd4 Be6 35. Nc7 Bxa2 36. Nxa6 Bd5 37. Nb4 Bxg2+ 38. Kxg2 Rxc5 39. Nd5 g5 40.
Nxf6 gxh4 41. Kh3 Rf5 42. Nd5 Kg7 43. Kxh4 Kf7 44. Kg4 Re5 45. Nf4 Ke7 46. Ra4
Rb5 47. Ra6 h5+ 48. Nxh5 Rd5 49. Nf4 Rd6 50. Ra5 Kf6 51. Rh5 Rd2 52. Rf5+ Ke7
53. Kf3 Rd4 54. Ke3 Ra4 55. Ne2 Ke6 56. Rh5 Kd6 57. Nc3 Rc4 58. Nb5+ Ke7 59. Rh6
Rc5 60. Nd4 Rd5 61. Ke4 Rc5 62. Nc6+ Kd7 63. Ne5+ Kc7 64. Kd4 Rd5+ 65. Ke4 Rc5
66. Kd4 Rb5 67. Nc4 Kd7 68. Nb6+ Ke7 69. Nd5+ Kf7 70. Ke5 Rb1 71. Rf6+ Kg7 72.
Rd6 Rb7 73. Ra6 Rb1 74. Ra7+ Kh6 75. Kf5 Rb5 76. Ke6 Rb1 77. Ra2 Rg1 78. Nf4 Rb1
79. Kf6 Rb6+ 80. Ne6 Kh5 81. Rg2 Rb1 82. Nd4 Rb4 83. Ke5 Rb1 84. Rg8 Rf1 85. Ne2
Kh4 86. Nf4 Ra1 87. Nd3 Ra5+ 88. Kf4 Ra4+ 89. Kf5 Ra5+ 90. Ne5 Ra1 91. Nf3+ Kh3
92. Nd2 Rd1 93. Rd8 Ra1 94. Kf4 Kg2 95. Rd4 Ra8 96. Rd5 Rf8+ 97. Ke3 Ra8 98.
Rg5+ Kh3 99. Kf2 Ra2 100. Kf3 Ra3+ 101. Kf4 Ra8 102. Rf5 Kg2 103. Ne4 Ra4 104.
Rb5 Kh3 105. Rb2 Rd4 106. Re2 Ra4 107. Re1 Kg2 108. Kg4 Ra8 109. Re2+ Kf1 110.
Ng3+ Kg1 111. Nh5 Kf1 112. Nf4 Ra4 113. Rb2 Ke1 114. Kf3 Ra8 115. Ke3 Re8+ 1/2-1/2

[Event "TCh-CHN 2015"]
[Site "China CHN"]
[Date "2015.08.21"]
[Round "13.3"]
[White "Zhou, Weiqi"]
[Black "Liu, Guanchu"]
[Result "1/2-1/2"]
[WhiteTitle "GM"]
[BlackTitle "IM"]
[WhiteElo "2627"]
[BlackElo "2379"]
[WhiteTeam "Chongqing"]
[BlackTeam "Chengdu"]
[WhiteFideId "8601674"]
[BlackFideId "8603901"]
[EventDate "2015.04.10"]

1. d4 f5 2. Nc3 d5 3. Bg5 c6 4. e3 g6 5. h4 Bg7 6. Bd3 Nh6 7. Nf3 Nf7 8. Ne2 Qd6
9. Bf4 Qb4+ 10. Qd2 Qxb2 11. O-O Qb6 12. c4 O-O 13. Rab1 Qd8 14. Qc3 e6 15. Nc1
Nd7 16. Nb3 Re8 17. cxd5 exd5 18. a4 a5 19. Ng5 Nf8 20. f3 Nxg5 21. Bxg5 Qc7 22.
e4 h6 23. Be3 fxe4 24. fxe4 dxe4 25. Bc4+ Kh7 26. Nc5 b6 27. Rf7 Re7 28. Rxe7
Qxe7 29. Rxb6 Qxh4 30. Qd2 Nd7 31. Nxd7 Bxd7 32. Rb7 Bc8 33. Rf7 Rb8 34. Qxa5
Rb1+ 35. Rf1 Rb2 36. Rf2 Qg3 37. Qd8 Rb1+ 38. Rf1 Qxe3+ 39. Kh2 h5 40. Rxb1 Bf5
41. Rf1 Bxd4 42. Qe7+ Kh6 43. Qd6 h4 44. a5 h3 45. Rxf5 hxg2 46. Kxg2 Qg1+ 47.
Kh3 Qh1+ 48. Kg3 Qg1+ 49. Kh3 Qh1+ 50. Kg3 1/2-1/2

[Event "TCh-CHN 2015"]
[Site "China CHN"]
[Date "2015.08.21"]
[Round "13.3"]
[White "Wang, Chen"]
[Black "Zhao, Yuanhe"]
[Result "1-0"]
[WhiteTitle "IM"]
[WhiteElo "2500"]
[BlackElo "2217"]
[WhiteTeam "Chongqing"]
[BlackTeam "Chengdu"]
[WhiteFideId "8601020"]
[BlackFideId "8609497"]
[EventDate "2015.04.10"]

1. d4 Nf6 2. Bg5 d5 3. Bxf6 exf6 4. e3 Be6 5. g3 c6 6. Bg2 Bd6 7. Ne2 O-O 8. O-O
Nd7 9. Nd2 f5 10. c3 Qe7 11. Qc2 Nf6 12. Nf3 Ne4 13. Nf4 Bd7 14. Nd3 Rfe8 15. b3
Bc7 16. Rab1 Kh8 17. c4 Be6 18. Rfc1 a5 19. a4 Bd6 20. c5 Bc7 21. Re1 g5 22. Nd2
Nxd2 23. Qxd2 Qf6 24. f4 h6 25. Rf1 Kg7 26. Rf2 Rh8 27. Kh1 Kf8 28. Rg1 Ke7 29.
Bf1 Rag8 30. Ne1 Ra8 31. Qc2 h5 32. Nf3 gxf4 33. gxf4 Rag8 34. Rfg2 Kf8 35. Bd3
Bc8 36. Rg5 Rxg5 37. Rxg5 Qe7 38. Qf2 b6 39. cxb6 Bxb6 40. Ne5 Qb4 41. Rg1 Rg8
42. Rc1 c5 43. Qc2 c4 44. Bxf5 Bb7 45. bxc4 dxc4+ 46. Be4 Bc7 47. Nd7+ Ke7 48.
Nc5 Bc8 49. Bc6 Kd8 50. Qh7 Rf8 51. Qh6 Ke7 52. Ne4 f6 53. Qxh5 Bd6 54. Bd5 Qa3
55. Rg1 Qxe3 56. Qh7+ Kd8 57. Nxd6 Qxd4 58. Nb7+ 1-0

[Event "TCh-CHN 2015"]
[Site "China CHN"]
[Date "2015.08.21"]
[Round "13.3"]
[White "Li, Yunshan"]
[Black "Huang, Qian"]
[Result "0-1"]
[WhiteTitle "WFM"]
[BlackTitle "WGM"]
[WhiteElo "1916"]
[BlackElo "2473"]
[WhiteTeam "Chengdu"]
[BlackTeam "Chongqing"]
[WhiteFideId "8607664"]
[BlackFideId "8602689"]
[EventDate "2015.04.10"]

1. d4 d5 2. c4 dxc4 3. Nf3 c6 4. e3 Bg4 5. Bxc4 e6 6. O-O Nd7 7. Nc3 Ngf6 8. Be2
Be7 9. e4 O-O 10. Bf4 Qb6 11. Qd2 Bb4 12. e5 Nd5 13. a3 Be7 14. Nxd5 cxd5 15.
Rac1 Rfc8 16. Be3 Qd8 17. h3 Bh5 18. g4 Bg6 19. Bg5 Nb6 20. Bxe7 Qxe7 21. Rxc8+
Rxc8 22. Rc1 Qd7 23. b3 Rxc1+ 24. Qxc1 Nc8 25. Nh4 a6 26. Qc5 Ne7 27. b4 Qd8 28.
b5 axb5 29. Bxb5 Nc8 30. Nxg6 hxg6 31. a4 g5 32. Kg2 f6 33. exf6 gxf6 34. Qc1
Ne7 35. f4 Ng6 36. fxg5 fxg5 37. Qc5 Kg7 38. Kg3 Qb8+ 39. Kf3 b6 40. Qb4 Qh2 41.
Be8 Qxh3+ 42. Kf2 Qh2+ 43. Kf1 Qf4+ 44. Ke1 Qc1+ 45. Kf2 Qc2+ 46. Ke1 Qc7 47.
Bxg6 Kxg6 48. Kd1 Kf7 49. Qb1 Kg7 50. Qb4 Qd8 51. Qb5 Kf6 52. Qc6 Ke7 53. Qb7+
Qd7 54. Qxb6 Qxa4+ 55. Kd2 Qa2+ 56. Kd1 Qh2 57. Qc5+ Kf7 58. Qa7+ Kf6 59. Qa8
Qg1+ 60. Kc2 Qxg4 61. Qh8+ Kf5 62. Qe5+ Kg6 63. Qh8 Qf5+ 64. Kd2 Qf7 65. Ke3 g4
66. Qe5 Qf3+ 67. Kd2 Qf6 68. Qb8 Qxd4+ 69. Ke2 Qe4+ 70. Kd2 Kg5 71. Qd8+ Kf4 72.
Qh4 d4 73. Qh6+ Kg3 74. Qh8 d3 75. Kc3 e5 76. Qf8 Qd4+ 0-1

[Event "TCh-CHN 2015"]
[Site "China CHN"]
[Date "2015.08.21"]
[Round "13.4"]
[White "Zhou, Jianchao"]
[Black "Li, Shilong"]
[Result "1-0"]
[WhiteTitle "GM"]
[BlackTitle "GM"]
[WhiteElo "2578"]
[BlackElo "2508"]
[WhiteTeam "Shanghai"]
[BlackTeam "Guangdong"]
[WhiteFideId "8603537"]
[BlackFideId "8600678"]
[EventDate "2015.04.10"]

1. d4 Nf6 2. c4 g6 3. Nc3 Bg7 4. e4 d6 5. Nf3 O-O 6. Be2 e5 7. O-O Na6 8. Be3 c6
9. d5 Ng4 10. Bg5 f6 11. Bh4 c5 12. Ne1 Nh6 13. a3 Bd7 14. Nc2 b6 15. b4 Qe7 16.
b5 Nc7 17. a4 g5 18. Bg3 f5 19. exf5 e4 20. f6 Bxf6 21. Ra3 Nf5 22. Bg4 a6 23.
Bxf5 Bxf5 24. bxa6 Rxa6 25. Nb5 Rd8 26. f4 exf3 27. Raxf3 Bxc2 28. Qxc2 Nxb5 29.
Rxf6 Nd4 30. Qd2 Ne2+ 31. Kh1 Nxg3+ 32. hxg3 Qg7 33. Qe3 Raa8 34. Qe6+ Kh8 35.
Rf7 Qg6 36. R1f6 Qh5+ 37. Kg1 Qd1+ 38. Rf1 Qd4+ 39. Kh2 Rg8 40. Qh6 Rg7 41. Rf8+
Rxf8 42. Rxf8+ Rg8 43. Qxd6 g4 44. Qd8 1-0

[Event "TCh-CHN 2015"]
[Site "China CHN"]
[Date "2015.08.21"]
[Round "13.4"]
[White "Lou, Yiping"]
[Black "Zeng, Chongsheng"]
[Result "1/2-1/2"]
[WhiteTitle "IM"]
[BlackTitle "GM"]
[WhiteElo "2453"]
[BlackElo "2541"]
[WhiteTeam "Shanghai"]
[BlackTeam "Guangdong"]
[WhiteFideId "8603928"]
[BlackFideId "8603847"]
[EventDate "2015.04.10"]

1. d4 Nf6 2. c4 e6 3. Nf3 c5 4. d5 exd5 5. cxd5 d6 6. Nc3 a6 7. a4 g6 8. h3 Bg7
9. e4 O-O 10. Bd3 Re8 11. O-O Nh5 12. Bg5 Bf6 13. Bh6 Nd7 14. Qd2 Rb8 15. Rfe1
Ne5 16. Be2 Nxf3+ 17. Bxf3 Ng7 18. Rab1 Qc7 19. Rec1 Qb6 20. Qc2 Bd7 21. Be3 Bd4
22. Bxd4 cxd4 23. Ne2 Rbc8 24. Qd2 Bxa4 25. Nxd4 Bd7 26. b4 h5 27. Nb3 f6 28.
Na5 Bb5 29. h4 Kf7 30. g3 Rcd8 31. Rb3 Rd7 32. Rbc3 Ree7 33. Bg2 Rc7 34. Kh2
Rxc3 35. Rxc3 Bd7 36. Rc1 1/2-1/2

[Event "TCh-CHN 2015"]
[Site "China CHN"]
[Date "2015.08.21"]
[Round "13.4"]
[White "Liu, Manli CHN"]
[Black "Zhang, Xiaowen"]
[Result "0-1"]
[BlackTitle "WGM"]
[WhiteElo "2033"]
[BlackElo "2349"]
[WhiteTeam "Guangdong"]
[BlackTeam "Shanghai"]
[WhiteFideId "8608121"]
[BlackFideId "8603219"]
[EventDate "2015.04.10"]

1. e4 e6 2. d4 d5 3. Nd2 c5 4. exd5 Qxd5 5. Ngf3 cxd4 6. Bc4 Qd6 7. O-O Nf6 8.
Nb3 Nc6 9. Nbxd4 Nxd4 10. Qxd4 Qxd4 11. Nxd4 Bd7 12. c3 Bc5 13. Nb3 Bb6 14. Bf4
O-O 15. Rad1 Bc6 16. Be2 Rfd8 17. Nd2 Nd5 18. Bg3 Ne3 19. fxe3 Bxe3+ 20. Bf2
Bxd2 21. h4 b6 22. g4 e5 23. Bg3 Be3+ 24. Kh2 f6 25. g5 Rxd1 26. Rxd1 Bc5 27.
gxf6 gxf6 28. h5 Be7 29. Rg1 Kh8 30. h6 Rd8 31. Be1 Rg8 32. Bc4 Rg6 33. Bh4 e4
34. Be6 e3 35. b4 Bd6+ 36. Kh3 Be5 37. Rg4 Bf3 38. Bxf6+ Bxf6 39. Rc4 Bg2+ 0-1

[Event "TCh-CHN 2015"]
[Site "China CHN"]
[Date "2015.08.21"]
[Round "13.4"]
[White "Li, Xueyi"]
[Black "Ju, Wenjun"]
[Result "0-1"]
[BlackTitle "GM"]
[WhiteElo "2190"]
[BlackElo "2557"]
[WhiteTeam "Guangdong"]
[BlackTeam "Shanghai"]
[WhiteFideId "8605912"]
[BlackFideId "8603006"]
[EventDate "2015.04.10"]

1. d4 Nf6 2. c4 e6 3. Nc3 Bb4 4. e3 b6 5. Ne2 c5 6. a3 Ba5 7. Rb1 Na6 8. Bd2 O-O
9. dxc5 bxc5 10. Ng3 Bb7 11. Nb5 d5 12. cxd5 Bxd2+ 13. Qxd2 exd5 14. Be2 Nc7 15.
Nxc7 Qxc7 16. O-O a5 17. b3 Rfd8 18. Rfc1 Qb6 19. Bf3 Rac8 20. h3 g6 21. Rd1 Ba6
22. b4 cxb4 23. axb4 Ne4 24. Bxe4 dxe4 25. Qb2 Rxd1+ 26. Rxd1 Qxb4 27. Qxb4 axb4
28. Nxe4 b3 29. Rb1 Rb8 30. Rb2 Bc4 31. Nd2 Bd5 32. e4 Be6 33. Kf1 Rc8 34. Rb1
Rc3 35. Ke1 Kg7 36. Kd1 Kf6 37. Rc1 Rd3 38. Ke2 Rd6 39. Rb1 Rb6 40. Kd3 Ke5 41.
Rb2 g5 42. Kc3 Rc6+ 43. Kd3 Rb6 44. Kc3 Rb8 45. Kd3 Kf4 46. g3+ Ke5 47. Ke3 f6
48. Nf3+ Kd6 49. Nd4 Bf7 50. Kd3 Kc5 51. Kc3 Rb4 52. Ne2 Kb5 53. Rb1 Rxe4 54.
Nd4+ Kc5 55. Nxb3+ Bxb3 56. Rxb3 Re2 57. Kd3 Rxf2 58. Ke4 h5 59. h4 g4 60. Ra3
Kd6 61. Ra6+ Ke7 62. Ra5 Ke6 63. Ra6+ Kf7 64. Ra7+ Kg6 65. Ra3 Re2+ 66. Kf4 Rf2+
67. Ke4 f5+ 68. Ke5 Re2+ 69. Kd4 Kf6 70. Ra6+ Re6 71. Ra3 f4 72. gxf4 Kf5 73.
Ra5+ Kxf4 74. Rxh5 g3 0-1

[Event "TCh-CHN 2015"]
[Site "China CHN"]
[Date "2015.08.21"]
[Round "13.5"]
[White "Liu, Qingnan"]
[Black "Lin, Chen"]
[Result "1/2-1/2"]
[WhiteTitle "IM"]
[BlackTitle "IM"]
[WhiteElo "2510"]
[BlackElo "2448"]
[WhiteTeam "Shandong"]
[BlackTeam "Jiangsu"]
[WhiteFideId "8603294"]
[BlackFideId "8602298"]
[EventDate "2015.04.10"]

1. e4 e5 2. Nf3 Nc6 3. Bb5 Nf6 4. Qe2 d6 5. c3 a6 6. Bxc6+ bxc6 7. d4 exd4 8.
cxd4 Be7 9. Qc2 Bd7 10. O-O O-O 11. Nbd2 Re8 12. Nb3 Bf8 13. Re1 Rxe4 14. Rxe4
Bf5 15. Nbd2 d5 16. Nh4 Bxe4 17. Qxc6 Bd3 18. Ndf3 Bb5 19. Qc2 Ne4 20. Nf5 Rc8
21. Be3 Qf6 22. Ng3 Nxg3 23. hxg3 Bd6 24. Bg5 Qg6 25. Qxg6 hxg6 26. Bf4 Be7 27.
Rc1 c5 28. dxc5 Rxc5 29. Nd4 Rxc1+ 30. Bxc1 Bd3 31. f3 1/2-1/2

[Event "TCh-CHN 2015"]
[Site "China CHN"]
[Date "2015.08.21"]
[Round "13.5"]
[White "Wen, Yang"]
[Black "Yu, Ruiyuan"]
[Result "1-0"]
[WhiteTitle "GM"]
[BlackTitle "GM"]
[WhiteElo "2573"]
[BlackElo "2571"]
[WhiteTeam "Shandong"]
[BlackTeam "Jiangsu"]
[WhiteFideId "8602956"]
[BlackFideId "8603090"]
[EventDate "2015.04.10"]

1. d4 d5 2. c4 c6 3. Nf3 Nf6 4. Nc3 dxc4 5. a4 Bf5 6. e3 e6 7. Bxc4 Nbd7 8. O-O
Bb4 9. Nh4 Bg6 10. Be2 Bxc3 11. Nxg6 hxg6 12. bxc3 Ne4 13. Bd3 Nxc3 14. Qc2 Nd5
15. Rb1 Qc7 16. g3 N5f6 17. e4 O-O-O 18. Be2 Rh3 19. Bf4 e5 20. dxe5 Nxe5 21.
Ba6 Qa5 22. Bxb7+ Kd7 23. Bxc6+ Nxc6 24. Rfd1+ Ke7 25. Qxc6 1-0

[Event "TCh-CHN 2015"]
[Site "China CHN"]
[Date "2015.08.21"]
[Round "13.5"]
[White "Guo, Qi"]
[Black "Xu, Huahua"]
[Result "1-0"]
[WhiteTitle "IM"]
[BlackTitle "WIM"]
[WhiteElo "2443"]
[BlackElo "2105"]
[WhiteTeam "Jiangsu"]
[BlackTeam "Shandong"]
[WhiteFideId "8604002"]
[BlackFideId "8604096"]
[EventDate "2015.04.10"]

1. d4 d5 2. Nf3 Nf6 3. c4 c6 4. e3 Bf5 5. Nc3 e6 6. Nh4 Bg6 7. Nxg6 hxg6 8. Bd3
Bd6 9. h3 Nbd7 10. O-O O-O 11. Qc2 Qe7 12. Bd2 Rac8 13. c5 Bb8 14. f4 Rfe8 15.
b4 b5 16. a4 a6 17. axb5 axb5 18. Ra6 Nh7 19. e4 f5 20. e5 g5 21. Nxb5 cxb5 22.
Bxb5 gxf4 23. Qa4 Red8 24. Bxf4 Ndf8 25. Qb3 Ng5 26. Ra2 Ne4 27. Ba6 Rc7 28. Be3
Nd7 29. Bd3 Nxe5 30. dxe5 d4 31. Bf4 Rb7 32. Qc4 Nc3 33. Ra6 Rd5 34. Rd6 Bxd6
35. exd6 Qf8 36. c6 Rb8 37. d7 Ra8 38. c7 Rxd7 39. Qxe6+ Rf7 40. Bc4 Rc8 41. Ba6 1-0

[Event "TCh-CHN 2015"]
[Site "China CHN"]
[Date "2015.08.21"]
[Round "13.6"]
[White "Popov, Ivan"]
[Black "Lu, Shanglei"]
[Result "1-0"]
[WhiteTitle "GM"]
[BlackTitle "GM"]
[WhiteElo "2661"]
[BlackElo "2570"]
[WhiteTeam "Hangzhou"]
[BlackTeam "Zhejiang"]
[WhiteFideId "4170350"]
[BlackFideId "8603332"]
[EventDate "2015.04.10"]

1. e4 c5 2. Nf3 d6 3. d4 cxd4 4. Nxd4 Nf6 5. Nc3 a6 6. h3 e6 7. g4 b5 8. Bg2 Bb7
9. O-O b4 10. Nd5 exd5 11. exd5 Be7 12. g5 O-O 13. gxf6 Bxf6 14. a3 a5 15. axb4
axb4 16. Rxa8 Bxa8 17. Re1 g6 18. Bh6 Re8 19. Nc6 Qd7 20. Rxe8+ Qxe8 21. Qd2
Nxc6 22. dxc6 Bxc6 23. Qxd6 Bg7 24. Bxg7 Bxg2 25. Be5 Bxh3 26. Qf6 Kf8 27. Bd6+
Kg8 28. Bxb4 Qd7 29. Kh2 Bf1 30. Qf3 h5 31. Bc3 Kh7 32. Qa8 f6 33. Bxf6 Qd6+ 34.
Kg1 Qxf6 35. Qb7+ Kh6 36. Kxf1 Qd4 37. c3 Qg4 38. Qb8 h4 39. Qh8+ Kg5 40. Qe5+
Kh6 41. Qd4 Qh3+ 42. Kg1 g5 43. Qf6+ Kh5 44. b4 Qd3 45. Qh8+ Kg6 46. Qd4 Qf3 47.
b5 h3 48. Qd6+ Kh5 49. Qg3 Qf5 50. c4 g4 51. Kh2 Kg6 52. b6 Qe4 53. b7 Qxb7 54.
Qxg4+ Kf6 55. Qf4+ Ke6 56. Qh6+ Ke5 57. Qg5+ Kd4 58. Qd5+ Qxd5 59. cxd5 1-0

[Event "TCh-CHN 2015"]
[Site "China CHN"]
[Date "2015.08.21"]
[Round "13.6"]
[White "Gao, Rui"]
[Black "Xu, Minghui"]
[Result "1-0"]
[WhiteTitle "GM"]
[WhiteElo "2533"]
[BlackElo "2229"]
[WhiteTeam "Hangzhou"]
[BlackTeam "Zhejiang"]
[WhiteFideId "8602387"]
[BlackFideId "8606790"]
[EventDate "2015.04.10"]

1. Nf3 Nf6 2. c4 c5 3. g3 g6 4. b3 Bg7 5. Bb2 d6 6. Bg2 e5 7. Nc3 Nc6 8. O-O O-O
9. d3 h6 10. Nd2 Be6 11. Nde4 Qd7 12. Nxf6+ Bxf6 13. Qd2 Bg7 14. Nd5 Rab8 15.
Rac1 Kh7 16. Ba1 f5 17. e3 Ne7 18. f4 b5 19. Rc2 b4 20. Qd1 Rbe8 21. Rcf2 Rf7
22. fxe5 dxe5 23. e4 Ref8 24. Bb2 Nc6 25. exf5 Bxf5 26. Qe2 Nd4 27. Bxd4 exd4
28. Be4 h5 29. Bxf5 Rxf5 30. Rxf5 Rxf5 31. Rxf5 Qxf5 32. Kg2 Be5 33. Qf3 Qg4 34.
Qf7+ Kh6 35. Qf8+ Bg7 36. Qf4+ Kh7 37. Qxg4 hxg4 38. Nf4 Bf6 39. h3 gxh3+ 40.
Nxh3 Kg7 41. Kf3 Be5 42. Ng5 Bd6 43. Ne4 Be7 44. Kf4 Kh6 45. g4 1-0

[Event "TCh-CHN 2015"]
[Site "China CHN"]
[Date "2015.08.21"]
[Round "13.6"]
[White "Ding, Yixin"]
[Black "Lei, Tingjie"]
[Result "1/2-1/2"]
[WhiteTitle "WGM"]
[BlackTitle "WGM"]
[WhiteElo "2434"]
[BlackElo "2444"]
[WhiteTeam "Zhejiang"]
[BlackTeam "Hangzhou"]
[WhiteFideId "8602972"]
[BlackFideId "8605114"]
[EventDate "2015.04.10"]

1. e4 e5 2. Bc4 Nf6 3. d3 Nc6 4. Nc3 Na5 5. Nge2 Nxc4 6. dxc4 d6 7. O-O Be7 8.
Ng3 O-O 9. h3 c6 10. b3 Be6 11. Bb2 a6 12. a4 Qa5 13. Qe2 Rfe8 14. Rad1 Bf8 15.
Qf3 Rac8 16. Nf5 Bxf5 17. Qxf5 b5 18. axb5 cxb5 19. Ra1 Qb6 20. cxb5 axb5 21.
Rfc1 b4 22. Nd5 Nxd5 23. exd5 Rc5 24. Qe4 Rec8 25. Ra4 Qb7 26. Rxb4 Qxd5 27.
Qxd5 Rxd5 28. c4 Rdc5 29. Ra1 d5 30. Bxe5 dxc4 31. Rxc4 Rxc4 32. bxc4 f6 1/2-1/2

[Event "TCh-CHN 2015"]
[Site "China CHN"]
[Date "2015.08.21"]
[Round "13.6"]
[White "Zhu, Jiner"]
[Black "Gu, Tianlu"]
[Result "1/2-1/2"]
[BlackTitle "WIM"]
[WhiteElo "1989"]
[BlackElo "2182"]
[WhiteTeam "Zhejiang"]
[BlackTeam "Hangzhou"]
[WhiteFideId "8608059"]
[BlackFideId "8603995"]
[EventDate "2015.04.10"]

1. e4 e5 2. Nf3 Nc6 3. Bc4 Nf6 4. Ng5 d5 5. exd5 Na5 6. Bb5+ c6 7. dxc6 bxc6 8.
Qf3 Be7 9. Bd3 O-O 10. O-O g6 11. Ne4 Nd5 12. Qd1 f5 13. Ng3 h5 14. Re1 h4 15.
Nf1 Bd6 16. Be2 h3 17. g3 Bc5 18. Nc3 Qb6 19. Ne3 f4 20. Na4 fxe3 21. dxe3 Qb4
22. c4 Nxc4 23. Nxc5 Qxc5 24. Qc2 Kg7 25. Qxc4 Qxc4 26. Bxc4 Nb4 27. Rf1 e4 28.
b3 Bg4 29. a3 Nd5 30. Bb2+ Kh6 31. Rac1 Rad8 32. Rc2 Ne7 33. Bd4 Rd7 34. Be2
Bxe2 35. Rxe2 Nf5 36. Bc5 Re8 37. f3 exf3 38. Rxf3 Nd4 39. Bxd4 Rxd4 40. Kf2 Rd1
41. e4 Kg5 42. a4 Rh1 43. Ke3 Rg1 44. Kd3 Rd1+ 45. Kc3 Re5 46. Rf7 a5 47. Rf4
Rc5+ 48. Kb2 Rcc1 49. Rh4 Rb1+ 50. Kc3 Rbc1+ 51. Rc2 Rxc2+ 52. Kxc2 Re1 53. Kd3
Rd1+ 54. Kc4 Rc1+ 55. Kd4 Rb1 56. Kc3 Rc1+ 57. Kd2 Rb1 58. Kc2 Re1 59. Rxh3 Rxe4
60. Rh7 Re2+ 61. Kd3 Rb2 62. Kc3 Rf2 63. Ra7 Rxh2 64. Rxa5+ Kg4 65. Rc5 Rg2 66.
Rxc6 g5 67. a5 Kxg3 68. a6 Ra2 69. b4 g4 70. Rg6 Kf3 71. b5 g3 72. Kb4 g2 73.
Kc5 Ra4 74. Rxg2 Kxg2 75. b6 Ra5+ 76. Kc6 Rxa6 77. Kc7 Rxb6 1/2-1/2

[Event "TCh-CHN 2015"]
[Site "China CHN"]
[Date "2015.08.22"]
[Round "14.1"]
[White "Huang, Qian"]
[Black "Ni, Shiqun"]
[Result "1/2-1/2"]
[WhiteTitle "WGM"]
[BlackTitle "WIM"]
[WhiteElo "2473"]
[BlackElo "2315"]
[WhiteTeam "Chongqing"]
[BlackTeam "Tianjing"]
[WhiteFideId "8602689"]
[BlackFideId "8608466"]
[EventDate "2015.04.10"]

1. c4 g6 2. e4 e5 3. d4 exd4 4. Qxd4 Qf6 5. Qxf6 Nxf6 6. Nc3 Bb4 7. Bd2 O-O 8.
f3 Re8 9. O-O-O d6 10. Nge2 Ba5 11. g4 Na6 12. a3 Nc5 13. Kc2 Ne6 14. g5 Nh5 15.
b4 Bb6 16. Nd5 Bd7 17. Nxb6 axb6 18. Kb2 f6 19. gxf6 Nxf6 20. Nc3 Rf8 21. Bh6
Rf7 22. Bh3 Nf4 23. Bf1 N6h5 24. Rd2 Re8 25. Rg1 Kh8 26. Nd1 Nh3 27. Bxh3 Bxh3
28. Rd3 Be6 29. Kc3 Ra8 30. Bc1 Raf8 31. Bh6 Ra8 32. Bc1 Kg7 33. Ne3 Raf8 34.
Ng4 Nf4 35. Re3 h5 36. Nf2 Bd7 37. Kd2 Kh7 38. Bb2 Be6 39. Rc3 Bd7 40. Re3 Be6
41. Rc3 Bd7 42. Re3 1/2-1/2

[Event "TCh-CHN 2015"]
[Site "China CHN"]
[Date "2015.08.22"]
[Round "14.1"]
[White "Malakhov, Vladimir"]
[Black "Wang, Chen"]
[Result "1-0"]
[WhiteTitle "GM"]
[BlackTitle "IM"]
[WhiteElo "2706"]
[BlackElo "2500"]
[WhiteTeam "Tianjing"]
[BlackTeam "Chongqing"]
[WhiteFideId "4120787"]
[BlackFideId "8601020"]
[EventDate "2015.04.10"]

1. Nf3 d5 2. g3 Nf6 3. Bg2 b6 4. c4 e6 5. O-O Be7 6. d4 O-O 7. Nc3 Bb7 8. Ne5
Nbd7 9. cxd5 Nxd5 10. Nxd5 exd5 11. Nd3 Re8 12. Bf4 Nf8 13. Rc1 Ne6 14. Be3 Bf6
15. Nf4 Ng5 16. Qa4 Ne4 17. Rc2 Be7 18. Nd3 Bd6 19. Bf4 a5 20. Rfc1 Bxf4 21.
Nxf4 Re7 22. e3 Nf6 23. Qa3 c6 24. Nd3 Ne8 25. Qb3 Kh8 26. Rc3 f6 27. Nf4 Rb8
28. h4 Ba8 29. h5 Qd6 30. Qc2 Nc7 31. Bh3 Nb5 32. Rb3 a4 33. Rd3 a3 34. Bf5 axb2
35. Qxb2 Qd8 36. Rb3 Nd6 37. Qc2 Nxf5 38. Qxf5 Kg8 39. h6 g5 40. Nh5 Rf7 41.
Rcb1 b5 42. a4 Bb7 43. axb5 Bc8 44. Qf3 Qd6 45. bxc6 Rxb3 46. Rxb3 Qxc6 47. Rb8
f5 48. Qxd5 Qxd5 49. Rxc8+ 1-0